<?xml version="1.0" encoding="UTF-8"?><?xml-stylesheet type="text/xsl" href="static/style.xsl"?><OAI-PMH xmlns="http://www.openarchives.org/OAI/2.0/" xmlns:xsi="http://www.w3.org/2001/XMLSchema-instance" xsi:schemaLocation="http://www.openarchives.org/OAI/2.0/ http://www.openarchives.org/OAI/2.0/OAI-PMH.xsd"><responseDate>2026-06-29T02:44:17Z</responseDate><request verb="GetRecord" identifier="oai:docta.ucm.es:20.500.14352/115747" metadataPrefix="marc">https://docta.ucm.es/rest/oai/request</request><GetRecord><record><header><identifier>oai:docta.ucm.es:20.500.14352/115747</identifier><datestamp>2025-03-18T14:07:38Z</datestamp><setSpec>com_20.500.14352_14</setSpec><setSpec>col_20.500.14352_15</setSpec></header><metadata><record xmlns="http://www.loc.gov/MARC21/slim" xmlns:dcterms="http://purl.org/dc/terms/" xmlns:xsi="http://www.w3.org/2001/XMLSchema-instance" xmlns:doc="http://www.lyncode.com/xoai" xsi:schemaLocation="http://www.loc.gov/MARC21/slim http://www.loc.gov/standards/marcxml/schema/MARC21slim.xsd">
   <leader>00925njm 22002777a 4500</leader>
   <datafield ind2=" " ind1=" " tag="042">
      <subfield code="a">dc</subfield>
   </datafield>
   <datafield ind2=" " ind1=" " tag="720">
      <subfield code="a">Da Costa Silva, Khalil</subfield>
      <subfield code="e">author</subfield>
   </datafield>
   <datafield ind2=" " ind1=" " tag="720">
      <subfield code="a">Torres, Ana R.</subfield>
      <subfield code="e">author</subfield>
   </datafield>
   <datafield ind2=" " ind1=" " tag="720">
      <subfield code="a">Pascual Sánchez-Gijón, Esperanza</subfield>
      <subfield code="e">author</subfield>
   </datafield>
   <datafield ind2=" " ind1=" " tag="720">
      <subfield code="a">Garrido Luque, Alicia</subfield>
      <subfield code="e">author</subfield>
   </datafield>
   <datafield ind2=" " ind1=" " tag="720">
      <subfield code="a">Rodríguez Monter, Miryam</subfield>
      <subfield code="e">author</subfield>
   </datafield>
   <datafield ind2=" " ind1=" " tag="720">
      <subfield code="a">Álvaro Estramiana, José Luis</subfield>
      <subfield code="e">author</subfield>
   </datafield>
   <datafield ind2=" " ind1=" " tag="260">
      <subfield code="c">2023-10-23</subfield>
   </datafield>
   <datafield ind2=" " ind1=" " tag="520">
      <subfield code="a">The research aimed to analyze the validity of the Picture Based Value Survey for Children (PBVS-C) following the Schwartz's model of values in a sample of 411 Spanish children (207 boys and 204 girls). Multidimensional scaling (MDS) was carried out and the results obtained revealed the replicability of the proposed model in the Spanish population. In addition, differences were verified in terms of sex and age. Participants under ten years old scored higher in the values of self-transcendence, openness to change, and conservation. The sex of the participants, in turn, showed differences in the dimensions of selftranscendence and self-enhancement; boys scored higher in the values of self-enhancement while girls scored higher in the values of self-transcendence.</subfield>
   </datafield>
   <datafield ind2=" " ind1=" " tag="520">
      <subfield code="a">La presente investigación tuvo como objetivo analizar la estructura del cuestionario Picture Based Value Survey for Children (PBVS-C) siguiendo el modelo de valores de Schwartz en una muestra de 411 niños españoles (207 niños y 204 niñas). Se realizó un escalamiento multidimensional (MDS) y los resultados obtenidos revelaron que el modelo propuesto podía replicarse en la población española. Además, se comprobaron diferencias en sexo y edad. Los participantes menores de diez años obtuvieron puntuaciones más altas en los valores de autotrascendencia, apertura al cambio y conservación. El sexo de los participantes, a su vez, mostró diferencias en las dimensiones de autotrascendencia y autopromoción; los niños obtuvieron puntuaciones más altas en los valores de autopromoción, mientras que las niñas obtuvieron puntuaciones más altas en los valores de autotrascendencia.</subfield>
   </datafield>
   <datafield ind1="8" ind2=" " tag="024">
      <subfield code="a">Álvaro, J. L., Pascual Sánchez, E., da Costa Silva, K., Torres, A. R., Garrido, A., &amp; Rodríguez, M. (2025). Validation of Schwartz's human values scale in Spanish children. Psicología Educativa, 31(1), 19-27. https://doi.org/10.5093/psed2025a3</subfield>
   </datafield>
   <datafield ind1="8" ind2=" " tag="024">
      <subfield code="a">1135755X</subfield>
   </datafield>
   <datafield ind1="8" ind2=" " tag="024">
      <subfield code="a">10.5093/psed2025a3</subfield>
   </datafield>
   <datafield ind1="8" ind2=" " tag="024">
      <subfield code="a">https://hdl.handle.net/20.500.14352/115747</subfield>
   </datafield>
   <datafield ind1="8" ind2=" " tag="024">
      <subfield code="a">2174-0526</subfield>
   </datafield>
   <datafield ind1="8" ind2=" " tag="024">
      <subfield code="a">https://doi.org/10.5093/psed2025a3</subfield>
   </datafield>
   <datafield ind1="8" ind2=" " tag="024">
      <subfield code="a">https://doi.org/10.5093/psed2025a3</subfield>
   </datafield>
   <datafield ind1="8" ind2=" " tag="024">
      <subfield code="a">https://journals.copmadrid.org/psed/</subfield>
   </datafield>
   <datafield ind2="0" ind1="0" tag="245">
      <subfield code="a">Validation of Schwartz's human values scale in Spanish children</subfield>
   </datafield>
   <datafield ind2="0" ind1="0" tag="245">
      <subfield code="a">La validación de la Escala de Valores Humanos de Schwartz en niños y niñas españoles</subfield>
   </datafield>
</record></metadata></record></GetRecord></OAI-PMH>